000 01087nam a22003137a 4500
001 BR9704180
003 BR-BrBNA
005 20230928095659.0
007 ta
008 230509b bl.||||| |||| 00| 0 por d
040 _aBR-BrBNA
_bpor
_cBiblioteca Nacional de Agricultura
041 _a(Por)
072 _aE14; E13; F06
090 _ E14 BR9704180
100 1 _aAguiar, D.M. de
110 1 _aUniversidade Federal do Rio Grande do Sul, Porto Alegre (Brasil). Faculdade de Ciencias Economicas
_0Tese (Pos-Graduacao em Economia Rural)
_911167
245 1 _aEstudo da viabilidade economico-financeira de investimento na aquisicao de lote parcelar em projeto de irrigacao publica - caso Bebedouro, Petrolina-PE
260 3 _aPorto Alegre, RS (Brasil):
_c1985.
300 _a263 p.
500 _aSummary (Por); 77 tables; 5 illus.; 38 ref.
650 _aAnalise Economica
650 _aInvestimento
650 _aTerra
650 _aProjeto de Colonizacao
650 _aIrrigacao por Sulco
650 _aPernambuco
909 _a202309
_bLucia
_c55
_dLucia Elande
942 _cBK
999 _c58055
_d58055